Memoirs of Napoleon Bonaparte / (Record no. 26122)
[ view plain ]
| 000 -LEADER | |
|---|---|
| fixed length control field | 00936cam a2200277 a 4500 |
| 001 - CONTROL NUMBER | |
| control field | 26122 |
| 003 - CONTROL NUMBER IDENTIFIER | |
| rucl marc code | BD-RjUL |
| 005 - DATE AND TIME OF LATEST TRANSACTION | |
| control field | 20211209050956.0 |
| 008 - FIXED-LENGTH DATA ELEMENTS--GENERAL INFORMATION | |
| fixed length control field | 140320s1831 nyua 000 0beng d |
| 035 ## - SYSTEM CONTROL NUMBER | |
| System control number | (BD-RjUL) 26192 |
| 040 ## - CATALOGING SOURCE | |
| Original cataloging agency | DLC |
| Transcribing agency | DLC |
| Language of cataloging | eng |
| Modifying agency | BD-RjUL |
| 041 ## - LANGUAGE CODE | |
| Language code of text/sound track or separate title | eng |
| 051 ## - LIBRARY OF CONGRESS COPY, ISSUE, OFFPRINT STATEMENT | |
| Classification number | Thacher FR77 Copy 1 |
| Copy information | Imperfect: v. 2-4 wanting. |
| 082 ## - DEWEY DECIMAL CLASSIFICATION NUMBER | |
| Classification number | 923.144 |
| Author mark and year | BOM V-1 |
| 100 1# - MAIN ENTRY--PERSONAL NAME | |
| Personal name | Bourrienne, Louis Antoine Fauvelet de, |
| Dates associated with a name | 1769-1834. |
| 9 (RLIN) | 80085 |
| 245 10 - TITLE STATEMENT | |
| Title | Memoirs of Napoleon Bonaparte / |
| Statement of responsibility, etc. | by Louis Antoine Fauvelet de Bourrienne |
| Number of part/section of a work | Volume I |
| 260 ## - PUBLICATION, DISTRIBUTION, ETC. (IMPRINT) | |
| Place of publication, distribution, etc. | New York : |
| Name of publisher, distributor, etc. | Charles Scribner's Sons, |
| Date of publication, distribution, etc. | 1831. |
| 300 ## - PHYSICAL DESCRIPTION | |
| Pagination | 283p : |
| Illustrations | ill. ; |
| Size | 20 cm. |
| 510 4# - CITATION/REFERENCES NOTE | |
| Name of source | Thacher, |
| Location within source | II, p. 12 (French Revolution) |
| 600 00 - SUBJECT ADDED ENTRY--PERSONAL NAME | |
| Personal name | Napoleon |
| Titles and other words associated with a name | Emperor of the French, |
| Dates associated with a name | 1769-1821. |
| 651 #0 - SUBJECT ADDED ENTRY--GEOGRAPHIC NAME | |
| Geographic name | France |
| General subdivision | History |
| Chronological subdivision | 1789-1815. |
| 9 (RLIN) | 80087 |
| 700 1# - ADDED ENTRY--PERSONAL NAME | |
| Personal name | Memes, John S |
| 942 ## - ADDED ENTRY ELEMENTS (KOHA) | |
| Source of classification or shelving scheme | Dewey Decimal Classification |
| Koha item type | Books |
| Lost status | Source of classification or shelving scheme | Damaged status | Not for loan | Collection code | Permanent Location | Current Location | Shelving location | Date acquired | Source of acquisition | Cost, normal purchase price | Total Checkouts | Full call number | Date last seen | Copy number | Koha item type |
|---|---|---|---|---|---|---|---|---|---|---|---|---|---|---|---|
| Dewey Decimal Classification | Added to bundle | Non-fiction | Central Library, University of Rajshahi | Central Library, University of Rajshahi | Reading Room | 04/03/1957 | kamal Book Depo | 20.00 | 923.144 BOM V-1 1983 | 20/03/2014 | C-1 | Books |